00525nam a22001457a 4500003000500000038001800005082000800023100002700031245014100058264003500199300002500234650002200259700004000281856005800321NUST aNusrat Nadeem a200 aBashir, Muhammad Jawad aGreen gram (Mongbean) crop health monitoring, leaf segmentation and disease classification using Deep Learning/cMuhammad Jawad Bashir,  aIslamabad,c2023.bSEECS NUST; aill:b125,p:c30,cm. aMS- Data Science  aSupervisor: Prof. Dr. Rafia Mumtaz uhttp://10.250.8.41:8080/xmlui/handle/123456789/441283